Génesis, actores y dinamícas de la violencoia política en el Pacífico nariñense / (Registro nro. 4595)
[ vista simple ]
| 000 -LEADER | |
|---|---|
| fixed length control field | 01196nam a2200265Ia 4500 |
| 003 - CONTROL NUMBER IDENTIFIER | |
| control field | OSt |
| 005 - DATE AND TIME OF LATEST TRANSACTION | |
| control field | 20200421112705.0 |
| 008 - FIXED-LENGTH DATA ELEMENTS--GENERAL INFORMATION | |
| fixed length control field | 191128s2015 ck abd gr 000 0dspa d |
| 020 ## - INTERNATIONAL STANDARD BOOK NUMBER | |
| International Standard Book Number | 9789586441834 |
| 040 ## - CATALOGING SOURCE | |
| Original cataloging agency | CO-JMCR |
| Transcribing agency | CO-JMCR |
| 041 0# - LANGUAGE CODE | |
| Language code of text/sound track or separate title | spa |
| 082 04 - DEWEY DECIMAL CLASSIFICATION NUMBER | |
| Classification number | 303.62 / |
| Item number | R696g |
| 100 1# - MAIN ENTRY--PERSONAL NAME | |
| Personal name | Rodríguez Cuadros, José Darío, |
| Relator term | autor |
| 9 (RLIN) | 3328 |
| 245 10 - TITLE STATEMENT | |
| Title | Génesis, actores y dinamícas de la violencoia política en el Pacífico nariñense / |
| Statement of responsibility, etc. | José Darío Rodríguez Cuadros |
| 250 ## - EDITION STATEMENT | |
| Edition statement | Primera edición |
| 260 ## - PUBLICATION, DISTRIBUTION, ETC. | |
| Place of publication, distribution, etc. | Bogotá : |
| Name of publisher, distributor, etc. | Pontificia Universidad Javeriana, |
| Date of publication, distribution, etc. | 2015 |
| 300 ## - PHYSICAL DESCRIPTION | |
| Extent | 155 páginas : |
| Other physical details | gráficos, mapas a color ; |
| Dimensions | 23 cm. |
| 490 0# - SERIES STATEMENT | |
| Series statement | Colección territorio, poder y conflicto |
| 500 ## - GENERAL NOTE | |
| General note | Incluye datos biográficos del autor en solapa frontal. |
| 504 ## - BIBLIOGRAPHY, ETC. NOTE | |
| Bibliography, etc. note | Bibliografía : páginas 151-154. |
| 505 ## - FORMATTED CONTENTS NOTE | |
| Formatted contents note | El pacífico nariñense. De la 'riqueza´ del oro a la 'miseria' de la coca. -- Dinámica y tendencias de la violencia política en el Pacífico nariñense (1990-2012) -- Violencia vivida en lo cotidiano. Desafíos para el presente |
| 650 14 - SUBJECT ADDED ENTRY--TOPICAL TERM | |
| Topical term or geographic name entry element | Violencia política |
| Geographic subdivision | Colombia |
| 9 (RLIN) | 3329 |
| 650 24 - SUBJECT ADDED ENTRY--TOPICAL TERM | |
| Topical term or geographic name entry element | Pacífico nariñense |
| Geographic subdivision | Colombia |
| 9 (RLIN) | 3330 |
| 942 ## - ADDED ENTRY ELEMENTS (KOHA) | |
| Source of classification or shelving scheme | Dewey Decimal Classification |
| Koha item type | Books |
| Withdrawn status | Lost status | Source of classification or shelving scheme | Materials specified (bound volume or other part) | Damaged status | Not for loan | Home library | Current library | Shelving location | Date acquired | Source of acquisition | Cost, normal purchase price | Total Checkouts | Full call number | Barcode | Date last seen | Date last checked out | Copy number | Price effective from | Koha item type |
|---|---|---|---|---|---|---|---|---|---|---|---|---|---|---|---|---|---|---|---|
| Dewey Decimal Classification | Donación--18/07/2019-- | Biblioteca Pública José María del Castillo y Rada | Biblioteca Pública José María del Castillo y Rada | General Stacks | 11/28/2019 | Donación | 0.00 | 1 | 303.62 / R696g | 201809599 | 04/01/2025 | 03/13/2025 | Ej.1 | 11/28/2019 | Books |